| 000 | 00532nam a2200169 i 4500 | ||
|---|---|---|---|
| 001 | 71688 | ||
| 003 | ES-MaACL | ||
| 007 | t| | ||
| 008 | 040817s1969 mx ||||1| spa d | ||
| 100 | 1 |
_aGermain, Clarence B. _956466 |
|
| 245 | 1 | 0 |
_aProgramación IBM 1620 / _cClarence B. Germain ; [versión de Javier Fernández Pacheco]. |
| 250 | _a[1ª ed, 3ª reimp.]. | ||
| 260 |
_aMéxico : _bLimusa : _bWiley, _c1969. |
||
| 300 |
_a188 p. ; _c27 cm. |
||
| 700 | 1 |
_aFernández Pacheco, Javier. _949977 |
|
| 852 |
_aES-MaACL _jE-6236 _bR.91058 |
||
| 999 |
_c71688 _d71688 |
||